000 00645nam a2200241Ia 4500
003 OSt
005 20221006142404.0
006 a|||||r|||| 00| 0
007 ta
008 221006b |||||||| |||| 00| 0 eng d
020 _c9.00
024 _a6,254
037 _cTextual
040 _aEASL
_cEASL
_beng
041 _2eng
_aeng
082 _aO42,3N, 152L7
100 _aKULSHESHTA Mahendra Ed.
_9647594
245 0 _aSazaghar
_b Hinsa ka mausam
260 _aDelhi
_bAlakh Publication India
_c1977
300 _a124p.
_ccm.
942 _hO42,3N, 152L7
_cTEXL
_2CC
999 _c1074340
_d1074340